000 00588nam a22001575i 4500
001 165515
003 ES-MaACL
005 20230906213143.0
008 050830s1889 ag | |||||||| ||spa d
040 _aCAM
_bspa
_cCAM
100 1 _aSolar, Alberto del.
_9132799
245 1 0 _aCuestión filológica
_b: suerte de la lengua castellana en América /
_cAlberto del Solar.
260 _aBuenos Aires :
_bFélix Lajouane,
_c1889 (
_fImprenta de El Globo)
300 _a55 p. ;
_c20 cm.
852 _aES-MaACL
_jT-598-F-1
_z-- Enc. hol., conservando la enc. original
_z-- Enc. en un vol. facticio
999 _c165515
_d165515